[Event "Titled Tue 23rd Jan Late"]
[Site "chess.com INT"]
[Date "2024.01.23"]
[Round "9"]
[White "Deac, Bogdan-Daniel"]
[Black "Anton Guijarro, D."]
[Result "1/2-1/2"]
[WhiteElo "2690"]
[BlackElo "2670"]
[PlyCount "207"]
[EventDate "2024.01.23"]

1. d4 d5 2. Nf3 e6 3. c4 c6 4. Nbd2 Nf6 5. g3 Be7 ({RR} 5... b6 6. Bg2 Bb7 7. O-O Nbd7 8. Qc2 c5 9. cxd5 Nxd5 10. a3 Be7 11. dxc5 Nxc5 12. b4 Nd7 13. Bb2 O-O 14. e4 Rc8 15. Qb3 N5f6 16. Nd4 Ne5 17. Rfd1 Qe8 18. Nxe6 fxe6 19. Bxe5 Qf7 20. Bh3 {Ponomariov,R (2718)-Grachev,B (2640) Moscow 2008 1-0 (40)}) 6. Bg2 O-O ({RR} 6... Ne4 7. O-O f5 8. Ne5 O-O 9. f3 Nd6 10. c5 Nf7 11. e4 Nxe5 12. dxe5 Bxc5+ 13. Kh1 fxe4 14. fxe4 Nd7 15. Nb3 Bb6 16. exd5 Nxe5 17. Bf4 Ng6 18. dxc6 bxc6 19. Bxc6 Ba6 20. Bxa8 Qxa8+ 21. Rf3 {Deshpande,S (2001)-Lopez Fuentes,W (2030) chess.com INT 2026 0-1}) 7. Qc2 b6 $146 ({RR} 7... c5 8. dxc5 Na6 9. O-O Nxc5 10. Rd1 Bd7 11. b3 Rc8 12. Bb2 h6 13. Ne5 b5 14. Nxd7 Qxd7 15. Rac1 Rfd8 16. Qb1 bxc4 17. Nxc4 Qb5 18. Ne5 Qxe2 19. Bf1 Qh5 20. Bg2 Nce4 21. Nd3 Ng5 22. h4 {Sharevich,A (2318)-Berzina,I (2297) Panevezys 2008 0-1 (41)}) 8. e4 Na6 9. e5 Nd7 10. a3 Bb7 11. cxd5 cxd5 12. O-O Qc7 13. Qd3 Rac8 14. Re1 Nab8 15. Qe3 Ba6 16. Nb1 Nc6 17. b4 Bc4 18. Nbd2 b5 19. Nxc4 bxc4 20. Bd2 Rb8 21. Rab1 a6 22. h4 Nb6 23. h5 h6 24. Qc3 Na7 25. Qc2 Qd7 26. Bf1 Qa4 27. Qxa4 Nxa4 28. Be2 Nb5 29. Ra1 Rfc8 30. Bd1 Nb2 31. Bc2 Bd8 32. Bc1 Nd3 33. Bxd3 cxd3 34. Rd1 Rc3 35. a4 Na7 36. Bd2 Rc4 37. Rab1 Nc6 38. Be3 Rbxb4 39. Rxb4 Nxb4 40. Bd2 Nc6 41. Be3 Rxa4 42. Rxd3 a5 43. Rc3 Rc4 44. Rb3 Rb4 45. Ra3 a4 46. Kg2 Kf8 47. Rc3 Rc4 48. Ra3 Be7 49. Ra1 a3 50. Nd2 Ra4 51. Rc1 Ra6 52. Nb3 Ke8 53. Bd2 a2 54. Bc3 Ra3 55. Na1 Bb4 56. Bb2 Ra6 57. Kf3 Kd7 58. Rc2 Ba3 59. Bc3 Be7 60. Ke2 Bd8 61. Kd2 Bb6 62. Kd3 Ra4 63. Bd2 Nxd4 64. Rb2 Bc5 65. Be3 Nc6 66. Bxc5 Nxe5+ 67. Ke2 Nc4 68. Rc2 e5 69. Bf8 Ke6 70. Bxg7 f6 71. f3 f5 72. Bxh6 Ra8 73. Bc1 Kf6 74. h6 Kg6 75. Rc3 Rb8 76. Rb3 Ra8 77. Rb5 d4 78. Rc5 Na3 79. Rc6+ Kh7 80. Rc7+ Kg6 81. Rg7+ Kf6 82. Bg5+ Ke6 83. h7 Rh8 84. g4 Nb1 85. Ra7 Nc3+ 86. Kd3 e4+ 87. fxe4 fxe4+ 88. Kc4 e3 89. Kd3 e2 90. Bd2 Kf6 91. g5+ Kg6 92. Ra6+ Kxh7 93. Kxd4 Nb5+ 94. Ke3 Re8+ 95. Kf2 Nd4 96. Rxa2 Nb3 97. Be1 Nc5 98. Rd2 Ne4+ 99. Kxe2 Nxd2+ 100. Kxd2 Kg6 101. Bf2 Kxg5 102. Nc2 Rd8+ 103. Bd4 Rxd4+ 104. Nxd4 1/2-1/2

[Event "CrunchLab Masters Div 2 W"]
[Site "chess.com INT"]
[Date "2024.07.21"]
[Round "3.3"]
[White "Fedoseev, Vl3"]
[Black "Vidit, S."]
[Result "1/2-1/2"]
[WhiteElo "2687"]
[BlackElo "2720"]
[PlyCount "200"]
[EventDate "2024.07.19"]
[EventType "k.o."]

1. d4 d5 2. c4 c6 3. Nf3 Nf6 4. e3 e6 5. Nbd2 Nbd7 6. Bd3 Bd6 7. O-O O-O 8. Qc2 h6 9. b3 ({RR} 9. e4 dxe4 10. Nxe4 Nxe4 11. Bxe4 e5 12. d5 cxd5 13. Bxd5 Kh8 14. Rd1 Qc7 15. Be3 f5 16. Be6 Nc5 17. Bxc8 Raxc8 18. Nh4 e4 19. Ng6+ Kh7 20. Nxf8+ Rxf8 21. Bxc5 Bxc5 22. Rd5 b6 23. Rad1 a5 {Nepomniachtchi,I (2723)-Sargsyan,A (2377) chess.com INT 2026 1-0 (100)}) 9... Qe7 10. Bb2 e5 11. cxd5 Nxd5 $146 ({RR} 11... cxd5 12. dxe5 Nxe5 13. Nxe5 Bxe5 14. Bxe5 Qxe5 15. Nf3 Qh5 16. Qc7 Bg4 17. Nd4 Rab8 18. Qf4 Rbe8 19. h3 Bc8 20. Bf5 Ne4 21. Rfc1 g6 22. Bxc8 Rxc8 23. Rc7 Nc5 24. Rxc8 Rxc8 25. Rc1 Kg7 26. Qg4 {Semenova,L (2280)-Ivanov,K Kiev 1999 ½-½ (44)}) 12. Nc4 exd4 13. Nxd6 Qxd6 14. Bxd4 Nb4 15. Bh7+ Kh8 16. Qb1 c5 17. Bb2 Nf6 18. Bf5 Rd8 19. Ne5 Kg8 20. a3 Nc6 21. Nc4 Qe7 22. a4 Rd5 23. Bxf6 Qxf6 24. Bh7+ Kf8 25. Be4 Bf5 26. Bxf5 Rxf5 27. Qd3 Rd8 28. Qe2 Qc3 29. Rab1 Rfd5 30. h3 b6 31. Rfc1 Qf6 32. Rd1 Qg6 33. Rbc1 Qe4 34. Rxd5 Rxd5 35. Kf1 Rd3 36. Rd1 Nb4 37. Rxd3 Nxd3 38. Qd1 Ke7 39. f3 Qg6 40. Qc2 h5 41. g4 hxg4 42. hxg4 Qh7 43. Kg1 Qg6 44. Kf1 Qh7 45. Kg1 Qg6 46. Qc3 f6 47. Qc2 Ne5 48. Qxg6 Nxg6 49. f4 Nf8 50. Kf2 Nd7 51. Kf3 a6 52. Ke4 b5 53. axb5 axb5 54. Na3 b4 55. Nc4 Ke6 56. f5+ Ke7 57. Kd5 Kd8 58. Kd6 Kc8 59. e4 Kd8 60. Ke6 Ke8 61. Nd6+ Kd8 62. Nc4 Ke8 63. Kd5 Ke7 64. Kc6 Ke8 65. Kd6 Kd8 66. Ne3 Ke8 67. Nd5 Kd8 68. Nf4 Ke8 69. Nd3 c4 70. bxc4 b3 71. c5 Ne5 72. c6 Kd8 73. Nb2 Kc8 74. Na4 Nc4+ 75. Ke6 Kc7 76. Kd5 b2 77. Nxb2 Nxb2 78. Ke6 Nd3 79. Kf7 Ne5+ 80. Kxg7 Nxg4 81. Kg6 Kxc6 82. e5 fxe5 83. Kg5 Nf2 84. f6 Kd6 85. Kf5 Nd3 86. f7 Ke7 87. Ke4 Kxf7 88. Kxd3 Kf6 89. Ke4 Ke6 90. Ke3 Kf5 91. Kf3 e4+ 92. Ke3 Ke5 93. Ke2 Kf4 94. Kf2 e3+ 95. Ke2 Ke4 96. Ke1 Kf4 97. Ke2 Ke4 98. Ke1 Kd3 99. Kd1 e2+ 100. Ke1 Ke3 1/2-1/2

[Event "Titled Tue 2nd Dec 2025"]
[Site "chess.com INT"]
[Date "2025.12.02"]
[Round "5"]
[White "Sarana, A."]
[Black "Svane, R."]
[Result "1-0"]
[WhiteElo "2675"]
[BlackElo "2609"]
[PlyCount "179"]
[EventDate "2025.12.02"]

1. d4 d5 2. c4 e6 3. Nf3 a6 4. cxd5 exd5 5. Nc3 Nf6 6. Bg5 Be6 7. Bxf6 Qxf6 8. Qb3 Ra7 9. h4 Bd6 10. e3 Nd7 11. Bd3 c6 12. Qc2 h6 ({RR} 12... Bg4 13. O-O-O h6 14. e4 dxe4 15. Nxe4 Qf4+ 16. Kb1 O-O 17. Rde1 Bxf3 18. gxf3 Nf6 19. Rhg1 Raa8 20. Bc4 Rad8 21. Nxf6+ Qxf6 22. Rg6 Rfe8 23. Rxe8+ Rxe8 24. Rxf6 Re1+ 25. Qc1 Rxc1+ 26. Kxc1 gxf6 27. Bd3 {Postny,E (2551)-Tulchynskyi,F (2291) Israel ISR 2025 ½-½}) 13. O-O-O $146 ({RR} 13. e4 dxe4 14. Nxe4 Bb4+ 15. Kf1 Qd8 16. a3 Be7 17. Re1 Qa5 18. g3 Ra8 19. Kg2 Rd8 20. Re3 Nf6 21. Nxf6+ Bxf6 22. Bc4 O-O 23. Rxe6 fxe6 24. Bxe6+ Kh8 25. Qg6 Rd5 26. Rd1 Qd8 27. Rd2 Qd6 {Ding,L (2808)-Nie,X (2388) Fuling 2022 1-0 (55)}) ({RR} 13. e4 dxe4 14. Nxe4 Bb4+ 15. Kf1 Qd8 16. a3 Be7 17. Re1 Qa5 18. g3 Ra8 19. Kg2 Rd8 20. Re3 Nf6 21. Nxf6+ Bxf6 22. Bc4 O-O 23. Rxe6 fxe6 24. Bxe6+ Kh8 25. Qg6 Rd5 26. Rd1 Qd8 27. Rd2 Qd6 {Ding,L (2808)-Nie,X (2388) Fuling 2022 1-0 (55)}) 13... O-O 14. Ng5 Rc8 15. Nxe6 fxe6 16. g4 Qe7 17. g5 h5 18. Bh7+ Kh8 19. Bg6 c5 20. Qe2 Nf8 21. Qxh5+ Kg8 22. Kb1 b5 23. dxc5 Rxc5 24. Ne2 Rac7 25. f4 Nxg6 26. Qxg6 Rc2 27. Nd4 Rf2 28. Rc1 Rc4 29. Qxe6+ Qxe6 30. Nxe6 Re4 31. Nd4 Rxe3 32. f5 Be5 33. g6 Kf8 34. Rhd1 Re4 35. Rc8+ Ke7 36. Nc2 Rxf5 37. a3 d4 38. Nb4 Rxh4 39. Rc6 a5 40. Nd3 Bd6 41. Ra6 Rg4 42. Re1+ Kd7 43. Ra7+ Kc6 44. Rxg7 Rf6 45. Ra7 Kb6 46. Rd7 Rfxg6 47. Rc1 Rg1 48. Rxd6+ Rxd6 49. Rxg1 Re6 50. Kc2 Re2+ 51. Kd1 Re3 52. Rg6+ Kc7 53. Kc2 Re2+ 54. Kd1 Re3 55. Kd2 Rh3 56. Rf6 Rh2+ 57. Rf2 Rh3 58. Rf4 Rh2+ 59. Kc1 Rh1+ 60. Kc2 Rh2+ 61. Kb3 Kc6 62. Rxd4 Rh6 63. Kc3 Kb6 64. b4 axb4+ 65. axb4 Rc6+ 66. Kd2 Rh6 67. Ke3 Rh3+ 68. Ke4 Rh4+ 69. Nf4 Rh6 70. Ke5 Rh2 71. Rd6+ Kb7 72. Nd5 Rd2 73. Rb6+ Ka7 74. Rxb5 Re2+ 75. Kd6 Rc2 76. Rc5 Rh2 77. Kc6 Rh6+ 78. Kb5 Rh2 79. Rc7+ Kb8 80. Rd7 Rh6 81. Kc5 Kc8 82. Rd6 Rh7 83. Kb6 Rb7+ 84. Kc6 Kb8 85. b5 Ka7 86. b6+ Rxb6+ 87. Nxb6 Ka6 88. Rd5 Ka7 89. Ra5+ Kb8 90. Ra8# 1-0

[Event "CrunchLabs Masters PlayIn"]
[Site "chess.com INT"]
[Date "2024.07.17"]
[Round "4"]
[White "Grischuk, A."]
[Black "Caruana, F."]
[Result "1/2-1/2"]
[WhiteElo "2708"]
[BlackElo "2796"]
[PlyCount "178"]
[EventDate "2024.07.17"]

1. d4 Nf6 2. c4 e6 3. Nf3 d5 4. Bg5 h6 5. Bxf6 Qxf6 6. e3 Nd7 ({RR} 6... c6 7. Nbd2 Nd7 8. Bd3 g5 9. h3 Bg7 10. e4 e5 11. O-O O-O 12. Re1 exd4 13. cxd5 cxd5 14. Rc1 Qd6 15. Bb1 d3 16. Bxd3 Rd8 17. exd5 Nb6 18. Nc4 Nxc4 19. Rxc4 Qxd5 20. Re8+ Rxe8 21. Bh7+ {Wang,Y (2739)-Topalov,V (2796) Nice 2009 0-1 (34)}) 7. Qb3 ({RR} 7. g3 Bb4+ 8. Nbd2 dxc4 9. Bg2 c3 10. bxc3 Bxc3 11. Rc1 Bxd2+ 12. Nxd2 c6 13. O-O O-O 14. Nc4 Qe7 15. Qd2 Nb6 16. Ne5 Nd7 17. Rfd1 Rd8 18. Qb2 a5 19. Nd3 a4 20. a3 Ra5 21. Qc3 Ra8 {Paravyan,D (2596)-Xiao,T (2493) Sharjah UAE 2025 ½-½}) 7... c6 8. Nbd2 Bd6 $146 ({RR} 8... Qd8 9. Bd3 Be7 10. O-O O-O 11. Rac1 Qb6 12. Qc2 Rd8 13. a3 Qc7 14. b4 a5 15. Qb3 axb4 16. axb4 Qb8 17. Ra1 Rxa1 18. Rxa1 Bf6 19. Rc1 dxc4 20. Bxc4 Nb6 21. Ne4 Be7 22. Bf1 Bd7 23. Nc5 {Erdos,V (2627)-Boruchovsky,A (2542) Batumi 2018 ½-½ (50)}) 9. Bd3 O-O 10. O-O Qe7 11. e4 dxc4 12. Nxc4 Bc7 13. a4 Rb8 14. Rac1 b5 15. axb5 cxb5 16. Ne3 Bf4 17. Rfe1 Bb7 18. d5 a6 19. Bb1 Rbc8 20. Rcd1 Nc5 21. Qa3 Rfd8 22. dxe6 fxe6 23. Rxd8+ Rxd8 24. Rc1 Rc8 25. h3 Qd6 26. Rd1 Qb6 27. Rd4 a5 28. b4 axb4 29. Qxb4 Na6 30. Qb2 Qc5 31. Rd1 Bxe3 32. fxe3 Qxe3+ 33. Kh1 Nc5 34. Qxb5 Rf8 35. Re1 Qc3 36. Qe2 Qb4 37. Qe3 Ra8 38. Qd4 Qxd4 39. Nxd4 Ra4 40. Nb5 Nxe4 41. Bxe4 Rxe4 42. Rxe4 Bxe4 43. Kg1 Bd5 44. h4 Kf7 45. Kf2 Kf6 46. g3 Kf5 47. Ke3 e5 48. Nc3 Bc6 49. Nd1 Ba4 50. Nf2 Ke6 51. Ne4 Bc6 52. Nf2 Kd5 53. Kd3 Bb5+ 54. Ke3 Bd7 55. Ne4 Bf5 56. Nf2 Ke6 57. Nd1 Bg4 58. Nf2 Bh5 59. Ne4 Kf5 60. Nf2 Bf7 61. Kf3 Bc4 62. Ke3 Bd5 63. Kd3 Bg2 64. Ke3 Ke6 65. Kd3 Kd5 66. Ke3 e4 67. Ng4 Bf3 68. Nh2 Bh5 69. Nf1 Ke5 70. Nd2 Bg6 71. Nc4+ Kf5 72. Kf2 Bh5 73. Ke3 Bg6 74. Kf2 Bh7 75. Ne3+ Ke5 76. Nc2 Bg8 77. Ne3 Be6 78. Ng2 Kd4 79. Ne3 Bh3 80. Nc2+ Kd3 81. Ne3 Be6 82. Ng2 g5 83. hxg5 hxg5 84. Ne3 Kc3 85. Nd1+ Kd2 86. Ne3 Kd3 87. Nd1 Kd2 88. Ne3 Kd3 89. Nd1 Kd2 1/2-1/2

[Event "Titled Tue 4th Mar Early"]
[Site "chess.com INT"]
[Date "2025.03.04"]
[Round "5"]
[White "Duda, J."]
[Black "Svane, R."]
[Result "1-0"]
[WhiteElo "2739"]
[BlackElo "2627"]
[PlyCount "169"]
[EventDate "2025.03.04"]

1. d4 d5 2. c4 e6 3. Nf3 a6 4. e3 Nf6 5. b3 c5 6. cxd5 Nxd5 7. Bb2 ({RR} 7. Be2 Nc6 8. O-O cxd4 9. Nxd4 Nxd4 10. Qxd4 Be7 11. Bb2 Bf6 12. Qd2 Bd7 13. Rd1 Bc6 14. e4 Nf4 15. Qxd8+ Rxd8 16. Rxd8+ Bxd8 17. Bf1 Bxe4 18. Nd2 Bc6 19. g3 Bf6 20. Bxf6 gxf6 21. Rc1 Kd7 {Fressinet,L (2687)-Carlsen,M (2855) Paris 2016 ½-½ (71)}) ({RR} 7. dxc5 Bxc5 8. Bb2 O-O 9. a3 Be7 10. e4 Nf4 11. Nc3 Qxd1+ 12. Rxd1 Nc6 13. Na4 b5 14. Nb6 Rb8 15. Nxc8 Rfxc8 16. g3 Ng6 17. Bd3 Bf6 18. Bxf6 gxf6 19. Kd2 Nge5 20. Nxe5 fxe5 21. Rc1 Nd4 {Erigaisi,A (2775)-Deac,B (2652) chess.com INT 2026 1-0 (61)}) 7... cxd4 8. Nxd4 Be7 9. Bd3 $146 ({RR} 9. Be2 O-O 10. O-O Bd7 11. Nd2 Nc6 12. Nc4 Nxd4 13. Bxd4 Rc8 14. Bf3 Bb5 15. Rc1 Rc7 16. Qd2 Rd7 17. Qb2 Bf6 18. Rfd1 h6 19. Bxf6 Nxf6 20. Ne5 Rxd1+ 21. Rxd1 Qc7 22. a4 Bd7 23. Qd4 Bc8 {Ferey,A (2238)-Svane,R (2626) chess.com INT 2025 0-1 (84)}) 9... O-O 10. O-O Bd7 11. Nd2 Nc6 12. N4f3 Bf6 13. Bxf6 Nxf6 14. a3 Qb8 15. Ne4 Nxe4 16. Bxe4 Rd8 17. Qc2 h6 18. Rfd1 Be8 19. b4 Qc7 20. Rac1 Rxd1+ 21. Qxd1 Rd8 22. Qc2 Qd6 23. h3 Rc8 24. Qb2 Rc7 25. Qc2 Rc8 26. Rd1 Qc7 27. Qb2 Rd8 28. Rc1 Qe7 29. g4 Qd6 30. Kg2 b6 31. Rc2 a5 32. Rd2 Qe7 33. b5 Rxd2 34. Nxd2 Nb8 35. a4 Nd7 36. Nc4 Nc5 37. Bc2 Qc7 38. Qe5 Qb7+ 39. f3 Nd7 40. Qd6 g6 41. h4 Qc8 42. Qc6 Qd8 43. Qd6 Qc8 44. Bd3 Qc5 45. Qxc5 Nxc5 46. Bc2 Nd7 47. g5 hxg5 48. hxg5 Kf8 49. f4 Ke7 50. Kf3 Kd8 51. Ke4 Kc7 52. Kd4 Nc5 53. Ne5 Nd7 54. Ng4 Kd6 55. Bb3 Nc5 56. Bd1 Bd7 57. Bc2 Bc8 58. Nf6 Bb7 59. Ng4 Bd5 60. Ne5 Ke7 61. Kc3 Bb7 62. Nc4 Nd7 63. e4 Ba8 64. Kd4 Bb7 65. f5 gxf5 66. exf5 Ba8 67. f6+ Ke8 68. Ne5 Nc5 69. g6 fxg6 70. Bxg6+ Kf8 71. Bc2 Bd5 72. Ke3 Bb3 73. Bxb3 Nxb3 74. Nd7+ Kf7 75. Nxb6 Nc5 76. Kd4 Nb7 77. Ke5 Nc5 78. Nc4 Nxa4 79. b6 Nc5 80. Nd6+ Kg6 81. b7 Nd7+ 82. Kxe6 Nc5+ 83. Ke7 Na6 84. f7 a4 85. f8=Q 1-0

[Event "Titled Tue 28th Nov Early"]
[Site "chess.com INT"]
[Date "2023.11.28"]
[Round "6"]
[White "Andreikin, D."]
[Black "Bacrot, E."]
[Result "0-1"]
[WhiteElo "2729"]
[BlackElo "2668"]
[PlyCount "170"]
[EventDate "2023.11.28"]

1. d4 d5 2. c4 e6 3. Nf3 Nf6 4. Bg5 Be7 5. e3 h6 6. Bxf6 Bxf6 7. Qc2 c6 ({RR} 7... O-O 8. h4 c5 9. g4 g6 10. g5 hxg5 11. hxg5 Bg7 12. Nc3 cxd4 13. exd4 Nc6 14. O-O-O Nb4 15. Qd2 dxc4 16. Qf4 Qa5 17. Bxc4 b5 18. Bb3 Bb7 19. Kb1 Rac8 20. Ne4 Bxe4+ 21. Qxe4 Rc7 22. Ne5 {Mamedyarov,S (2767)-So,W (2767) Chess.com INT 2019 1-0}) ({RR} 7... O-O 8. h4 c5 9. g4 cxd4 10. g5 Be7 11. gxh6 gxh6 12. Rg1+ Kh8 13. Nxd4 Nc6 14. Nc3 Rg8 15. Rxg8+ Qxg8 16. O-O-O Bxh4 17. Kb1 Nxd4 18. exd4 dxc4 19. Bxc4 Bd7 20. Rh1 Bg5 21. d5 exd5 22. Nxd5 {Andreikin,D (2710)-Aravindh,C (2693) chess.com INT 2026 ½-½ (43)}) 8. Nbd2 Nd7 9. h4 $146 ({RR} 9. Be2 O-O 10. O-O dxc4 11. Nxc4 b5 12. Nd6 Qb6 13. Rac1 Be7 14. Ne4 Bb7 15. Nfd2 f5 16. Nc5 Nxc5 17. dxc5 Qc7 18. b4 a5 19. a3 axb4 20. axb4 Bf6 21. Qb3 Qf7 22. Rfd1 e5 23. Qb1 Bc8 {Riazantsev,A (2635)-Usmanov,V (2495) Tallinn 2019 ½-½ (49)}) 9... g6 10. Bd3 Bg7 11. O-O-O Qe7 12. Kb1 O-O 13. g4 e5 14. cxd5 cxd5 15. dxe5 Nxe5 16. Nxe5 Qxe5 17. Nf3 Qf6 18. Nd4 Bxg4 19. Rdg1 Rac8 20. Qd2 h5 21. Rg3 Bh6 22. Bc2 Rfe8 23. Rhg1 Kh8 24. Rxg4 hxg4 25. Rxg4 Re5 26. a3 Rh5 27. Qb4 b6 28. f4 Rxh4 29. Rg1 Bg7 30. Qb5 Rh2 31. Bb3 Qe7 32. Qd3 Qe4 33. Qxe4 dxe4 34. Bxf7 Bxd4 35. exd4 e3 36. Bxg6 Rc4 37. Re1 Rh3 38. d5 Rxf4 39. d6 Rd4 40. d7 Rf3 41. Bh5 Rg3 42. Rd1 Rxd1+ 43. Bxd1 Rg8 44. Kc2 Rd8 45. Bg4 Kg7 46. Kd3 Kf6 47. Kxe3 Ke5 48. Kd3 Kd5 49. Kc3 Kc5 50. Bf5 Kd5 51. Kb4 Kc6 52. Kc4 a5 53. Bg4 Rf8 54. Kb3 Kc7 55. Ka2 Rf4 56. Bh3 Rd4 57. Bf5 Kd8 58. Bh3 Ke7 59. Bf5 Kf6 60. Bh3 Ke5 61. Kb3 Kf6 62. Kc3 Rd6 63. Kc4 Ke7 64. Kb5 Rd3 65. Bg4 Rb3+ 66. Kc6 Kd8 67. a4 Rxb2 68. Be6 Rb4 69. Bf5 Rxa4 70. Kxb6 Rf4 71. Bh3 a4 72. Kb5 a3 73. Be6 Re4 74. Bb3 Kxd7 75. Kc5 Kc7 76. Bd5 Rf4 77. Bb3 Kd8 78. Kb5 Ke7 79. Kc5 Kf6 80. Bd5 Kg5 81. Bb3 Kh4 82. Kb5 Kg3 83. Bc4 Kf2 84. Kb4 Rxc4+ 85. Kxc4 a2 0-1

[Event "Clash of Claims 2024"]
[Site "Madrid ESP"]
[Date "2024.06.09"]
[Round "23"]
[White "Kramnik, V."]
[Black "Martinez Alcantara, Jose Eduardo"]
[Result "0-1"]
[WhiteElo "2753"]
[BlackElo "2612"]
[PlyCount "168"]
[EventDate "2024.06.07"]

1. d4 {Chessbase - Stockfish 17} d5 2. c4 e6 3. Nf3 Nf6 4. g3 Bb4+ 5. Bd2 a5 6. Bg2 O-O 7. Qc2 Be7 8. O-O Nbd7 9. Bg5 c6 10. Nbd2 h6 11. Bxf6 Nxf6 12. e3 Bd6 13. e4 dxe4 14. Nxe4 Nxe4 15. Qxe4 c5 16. dxc5 $146 ({RR} 16. Rad1 Qc7 17. Qe2 Bd7 18. Rfe1 Rad8 19. Ne5 cxd4 20. Nxd7 Rxd7 21. Rxd4 Rfd8 22. Red1 Bc5 23. Rxd7 Rxd7 24. Rxd7 Qxd7 25. Be4 b6 26. Qd3 Bd4 27. Kg2 Qd6 28. b3 f5 29. Bf3 Qc5 30. Qe2 Kf7 {Vaishali,R (2476)-Svane,F (2664) Wijk aan Zee 2025 [Chessbase - Stockfish 17] ½-½ (45)}) ({RR} 16. Rad1 Qc7 17. Rfe1 Ra6 18. d5 exd5 19. Qxd5 Be7 20. Qe5 Rd6 21. Rd5 Be6 22. Rxc5 Qd8 23. Qe2 Bf6 24. Rb5 b6 25. c5 bxc5 26. Rxc5 a4 27. b3 a3 28. Qc2 Qb6 29. Bf1 Rfd8 30. Rb5 Qc6 {Hakobyan,A (2620)-Praggnanandhaa,R (2758) Jermuk ARM 2025 0-1 (78)}) 16... Bxc5 17. Rad1 Qb6 18. Qe2 Qc7 19. Ne5 Bd6 20. f4 a4 21. Kh1 Ra5 22. Ng4 Be7 23. Ne3 Bc5 24. Nc2 Bd7 25. b4 axb3 26. axb3 Ra2 27. Rd2 Bc6 28. Bxc6 Qxc6+ 29. Qg2 Rb2 30. b4 Qxg2+ 31. Rxg2 Bxb4 32. Nxb4 Rxb4 33. Rc2 Rc8 34. c5 Kf8 35. Rfc1 Rc6 36. Kg2 Ke7 37. Kf3 f5 38. Rc3 Kf6 39. R1c2 g5 40. Ke3 gxf4+ 41. gxf4 Rc7 42. Rc4 Rb1 43. Kf3 Rb5 44. c6 bxc6 45. Rxc6 Rb3+ 46. Kf2 Re7 47. Re2 h5 48. Rd6 Rc3 49. Re3 Rc2+ 50. Re2 Rxe2+ 51. Kxe2 Ra7 52. Kf3 h4 53. Rd2 Ra3+ 54. Kg2 h3+ 55. Kf2 Kg6 56. Re2 Kh5 57. Rxe6 Kg4 58. Rb6 Ra2+ 59. Kg1 Rg2+ 60. Kh1 Re2 61. Kg1 Kf3 62. Rb3+ Re3 63. Rb1 Kxf4 64. Rf1+ Kg4 65. Rb1 Re2 66. Rf1 f4 67. Rb1 Ra2 68. Rf1 Rg2+ 69. Kh1 Re2 70. Kg1 f3 71. Rb1 Kf4 72. Rb4+ Kf5 73. Rb5+ Kf4 74. Rb4+ Re4 75. Rb1 Rd4 76. Re1 Rd2 77. Re8 Rd1+ 78. Kf2 Rd2+ 79. Kg1 Rg2+ 80. Kh1 Re2 81. Rf8+ Ke3 82. Re8+ Kf2 83. Re4 Re1+ 84. Rxe1 Kxe1 0-1

[Event "Olympiad-43"]
[Site "Batumi"]
[Date "2018.10.03"]
[Round "9.2"]
[White "Bacrot, Etienne"]
[Black "Bluebaum, Matthias"]
[Result "1/2-1/2"]
[WhiteElo "2678"]
[BlackElo "2618"]
[PlyCount "162"]
[EventDate "2018.09.24"]
[EventType "team-swiss"]
[EventRounds "11"]
[EventCountry "GEO"]
[SourceTitle "CBM 187"]
[Source "ChessBase"]
[SourceDate "2018.12.11"]
[SourceVersion "1"]
[SourceVersionDate "2018.12.11"]
[SourceQuality "1"]
[WhiteTeam "France"]
[BlackTeam "Germany"]
[WhiteTeamCountry "FRA"]
[BlackTeamCountry "GER"]

1. c4 e6 2. Nf3 d5 3. d4 Nf6 4. e3 a6 5. b3 c5 6. Bb2 cxd4 7. exd4 Bb4+ 8. Nbd2 O-O 9. a3 Bxd2+ 10. Qxd2 dxc4 11. bxc4 b5 12. cxb5 $146 ({RR} 12. c5 Bb7 13. Be2 Ne4 14. Qf4 Qa5+ 15. Kf1 Nd7 16. h4 e5 17. dxe5 Ndxc5 18. Qe3 Rfd8 19. Kg1 Qa4 20. Nd4 Qa5 21. Rd1 Na4 22. Ba1 Nac3 23. Rd3 Nxe2+ 24. Qxe2 b4 25. Rhh3 Rac8 26. Nb3 Qb6 {Lubbe,N (2508)-Feuerstack,A (2464) Germany GER 2024 1-0 (41)}) ({RR} 12. c5 Bb7 13. Be2 Ne4 14. Qf4 Qa5+ 15. Kf1 Nd7 16. h4 e5 17. dxe5 Ndxc5 18. Qe3 Rfd8 19. Kg1 Qa4 20. Nd4 Qa5 21. Rd1 Na4 22. Ba1 Nac3 23. Rd3 Nxe2+ 24. Qxe2 b4 25. Rhh3 Rac8 26. Nb3 Qb6 {Lubbe,N (2508)-Feuerstack,A (2464) Germany GER 2024 1-0 (41)}) 12... axb5 13. Be2 Bb7 14. O-O Qd5 15. Qg5 Na6 16. Rfc1 Qxg5 17. Nxg5 h6 18. Nf3 Rfb8 19. Ne5 Bd5 20. Bc3 Ne4 21. Be1 Nd6 22. Nd7 Rb7 23. Nc5 Rba7 24. a4 Nb8 25. Rcb1 bxa4 26. Rxa4 Rxa4 27. Nxa4 Nc6 28. Nb6 Rb8 29. Bd3 Be4 30. Nc4 Rxb1 31. Bxb1 Bxb1 32. Nxd6 Nxd4 33. f3 e5 34. Bb4 f6 35. h4 Kh7 36. Kf2 Kg6 37. Bc3 Ne6 38. g3 Ba2 39. Ke3 Bd5 40. Nc8 Bb7 41. Ne7+ Kf7 42. Nf5 Bc6 43. Ba5 Ba4 44. f4 exf4+ 45. gxf4 Kg6 46. Ng3 Bc2 47. Bb6 h5 48. Kf3 Nf8 49. Bc5 Nd7 50. Ba7 Bf5 51. Ke3 Bg4 52. Kf2 Kf7 53. Nf1 Ke6 54. Ne3 Bf5 55. Bd4 Be4 56. Kg3 Nb8 57. Bc5 Nc6 58. Kf2 Na5 59. Bf8 Kf7 60. Bb4 Nb3 61. Nf1 Bc2 62. Ne3 Bd3 63. Ba3 Ke6 64. Bf8 g6 65. Ba3 Be4 66. Bb4 Nc1 67. Ba3 Nd3+ 68. Kg3 Bb7 69. Bf8 Nc1 70. Kf2 Na2 71. Ba3 Nc3 72. Bb4 Ne4+ 73. Ke2 Bc6 74. Ba3 Bb7 75. Bb4 Ba6+ 76. Kf3 Bd3 77. Ba3 Nd2+ 78. Kf2 Be4 79. Bb4 Nf3 80. Kg3 Nd4 81. Kf2 Nf5 1/2-1/2

[Event "St Louis Spring A"]
[Site "Saint Louis USA"]
[Date "2023.04.08"]
[Round "4.4"]
[White "Yoo, Christopher Woojin"]
[Black "Dardha, Daniel"]
[Result "1/2-1/2"]
[WhiteElo "2607"]
[BlackElo "2625"]
[PlyCount "151"]
[EventDate "2023.04.05"]

1. d4 d5 2. c4 e6 3. Nf3 Nf6 4. g3 Bb4+ 5. Bd2 Be7 6. Bg2 c6 7. O-O Nbd7 8. Qc2 Ne4 9. a4 $146 ({RR} 9. Nc3 Nxd2 10. Nxd2 O-O 11. e4 dxc4 12. Nxc4 b5 13. Ne3 Rb8 14. Rad1 c5 15. d5 Qb6 16. Rd2 c4 17. Rfd1 Bc5 18. Nf1 Ne5 19. b3 Bb4 20. Re2 Qa5 21. Nb1 Ba6 22. a3 Bxa3 23. Qa2 b4 {Kudryashova,S (1204)-Kostygova,M (1576) St Petersburg RUS 2023 0-1 (36)}) ({RR} 9. Nc3 Nxd2 10. Nxd2 O-O 11. e3 Rb8 12. Rab1 a5 13. a3 b5 14. c5 e5 15. b4 a4 16. Rbd1 Qe8 17. Rfe1 e4 18. Ndxe4 dxe4 19. Bxe4 Nf6 20. Bg2 Bg4 21. f3 Be6 22. Qf2 Nd5 23. Nxd5 Bxd5 {Vidit,S (2723)-Grischuk,A (2742) Chess.com INT 2022 0-1 (34)}) ({RR} 9. Be3 O-O 10. Nbd2 Nxd2 11. Bxd2 Nf6 12. Ne5 a5 13. Rfd1 Qb6 14. Bf4 Rd8 15. Rac1 Bd7 16. e3 Be8 17. g4 Nd7 18. Nxd7 Rxd7 19. cxd5 exd5 20. b3 Bd6 21. Bg3 Qd8 22. e4 dxe4 23. Qxe4 f6 {Evenshaug,A (2220)-Haug,H (2432) Bergen NOR 2026 0-1 (43)}) 9... a5 10. Rc1 O-O 11. Ne1 b6 12. cxd5 cxd5 13. Bxe4 dxe4 14. Qxe4 Ba6 15. Nc3 Nf6 16. Qe3 Rc8 17. Nb5 Qd7 18. Qd3 Bb7 19. f3 Nd5 20. Nc2 Ba6 21. Qb3 Nc7 22. Nc3 e5 23. Be3 b5 24. axb5 Nxb5 25. Qd5 Qf5 26. Ne4 Nc7 27. Qxe5 Qd7 28. Nc5 Bxc5 29. dxc5 Rfe8 30. Qd6 Qb5 31. Nd4 Qxb2 32. Qb6 Qxb6 33. cxb6 Nd5 34. Rxc8 Bxc8 35. Bd2 Nxb6 36. Bxa5 Nc4 37. Bb4 h6 38. Ra7 Ne3 39. Kf2 Nd1+ 40. Ke1 Ne3 41. Bd2 Nf5 42. Nc6 Be6 43. e4 Nd6 44. Bf4 Nc4 45. Kf2 Kf8 46. h4 f5 47. exf5 Bxf5 48. Nd4 Be6 49. g4 Re7 50. Ra6 Kf7 51. h5 Bd7 52. Kg3 Kg8 53. Ra7 Rf7 54. Rc7 Nb6 55. Rc5 Na4 56. Ra5 Nb2 57. Bc1 Nc4 58. Rd5 Re7 59. Bf4 Rf7 60. Rc5 Nb2 61. Rc7 Nd3 62. Bd6 Kh7 63. Nf5 Be6 64. Rxf7 Bxf7 65. Bf8 g6 66. Nxh6 gxh5 67. g5 Be6 68. Kh4 Kg6 69. Be7 Ne5 70. f4 Nf3+ 71. Kg3 Nd4 72. Ba3 Nf5+ 73. Nxf5 Bxf5 74. Kh4 Be4 75. f5+ Bxf5 76. Bc1 1/2-1/2